[Event "POL-ch blind"]
[Site "Ustron"]
[Date "2019.03.13"]
[Round "4"]
[White "Kulpinski, Piotr"]
[Black "Hagner, Pawel"]
[Result "1/2-1/2"]
[WhiteElo "1876"]
[BlackElo "1692"]
[PlyCount "40"]
[EventDate "2019.03.11"]
[EventType "swiss"]
[EventRounds "9"]
[EventCountry "POL"]
[SourceTitle "EXT 2020"]
[Source "ChessBase"]
[SourceDate "2019.10.17"]
[SourceVersion "1"]
[SourceVersionDate "2019.10.17"]
[SourceQuality "1"]

1. b3 Nf6 2. Bb2 g6 3. g4 Bg7 4. g5 Nh5 5. Bxg7 Nxg7 6. c4 d5 7. Bg2 dxc4 8. bxc4 Qd4 9. Nc3 c6 10. Qb3 Nd7 11. Nf3 Qg4 12. Rg1 0-0 13. Bh1 Qf5 14. d3 Qa5 15. Rb1 e5 16. Qb4 Qc7 17. Bg2 a5 18. Qb2 Nc5 19. Nd2 Rd8 20. Qa3 Qd6 1/2-1/2

[Event "POL-ch blind"]
[Site "Wagrowiec"]
[Date "2016.06.05"]
[Round "10"]
[White "Stachanczyk, Jacek"]
[Black "Kulpinski, Piotr"]
[Result "1-0"]
[WhiteElo "2202"]
[BlackElo "1930"]
[PlyCount "49"]
[EventDate "2016.05.28"]
[EventType "tourn"]
[EventRounds "11"]
[EventCountry "POL"]
[SourceTitle "EXT 2018"]
[Source "ChessBase"]
[SourceDate "2017.10.13"]
[SourceVersion "1"]
[SourceVersionDate "2017.10.13"]
[SourceQuality "1"]

1. c4 c6 2. g3 Nf6 3. Bg2 d5 4. Nf3 Bg4 5. Ne5 Bh5 6. cxd5 Nxd5 7. Nc3 Nd7 8. Nc4 e6 9. 0-0 Be7 10. d4 0-0 11. Qd2 N7b6 12. Ne5 f6 13. Nf3 Bg6 14. Re1 Nc4 15. Qd1 Bb4 16. Bd2 Nxd2 17. Qxd2 Qa5 18. Rec1 Nxc3 19. bxc3 Ba3 20. Re1 Rad8 21. e4 e5 22. Qc2 exd4 23. Nxd4 Rfe8 24. Bf3 Rd5 25. Qb3 1-0

[Event "POL-ch blind"]
[Site "Wagrowiec"]
[Date "2016.05.30"]
[Round "3"]
[White "Kulpinski, Piotr"]
[Black "Falkowski, Dawid"]
[Result "1-0"]
[WhiteElo "1930"]
[BlackElo "2059"]
[PlyCount "119"]
[EventDate "2016.05.28"]
[EventType "tourn"]
[EventRounds "11"]
[EventCountry "POL"]
[SourceTitle "EXT 2018"]
[Source "ChessBase"]
[SourceDate "2017.10.13"]
[SourceVersion "1"]
[SourceVersionDate "2017.10.13"]
[SourceQuality "1"]

1. d4 Nf6 2. Nf3 e6 3. c4 c5 4. Nc3 cxd4 5. Nxd4 Nc6 6. Nc2 d5 7. cxd5 exd5 8. e3 Bc5 9. Be2 0-0 10. 0-0 d4 11. Nb5 dxe3 12. Bxe3 Qb6 13. Bxc5 Qxc5 14. Rc1 Rd8 15. Qe1 Qb6 16. Qc3 Nd5 17. Qf3 Nf6 18. Qe3 Be6 19. Qxb6 axb6 20. a3 Rd2 21. Nc7 Ra5 22. Nxe6 Rxe2 23. Ned4 Re4 24. f3 Re8 25. b4 Rd5 26. Nxc6 bxc6 27. Rfd1 Red8 28. Rxd5 Rxd5 29. Ne3 Rd3 30. Kf2 Kf8 31. Rxc6 Rxa3 32. Rxb6 Rxe3 33. Rxf6 Rb3 34. Rf4 Ke7 35. h4 Ke6 36. g4 h6 37. Re4+ Kd6 38. Rd4+ Ke6 39. Kg3 Ke7 40. Rc4 Kd6 41. Kf4 Kd5 42. Rc5+ Kd6 43. Rc4 Ke6 44. Kg3 Kd7 45. Rf4 Ke6 46. Rc4 Kd7 47. Kf4 Kd6 48. Rd4+ Kc7 49. Ke4 Kc6 50. g5 hxg5 51. hxg5 Kc7 52. f4 Kc6 53. Ke5 Re3+ 54. Re4 Rf3 55. b5+ Kxb5 56. Kd6 Rf1 57. Ke7 f6 58. g6 Kc5 59. Kf7 Kd5 60. Ra4 1-0

[Event "POL-ch blind"]
[Site "Wagrowiec"]
[Date "2016.05.29"]
[Round "2"]
[White "Mackowiak, Marek"]
[Black "Kulpinski, Piotr"]
[Result "1-0"]
[WhiteElo "2138"]
[BlackElo "1930"]
[PlyCount "25"]
[EventDate "2016.05.28"]
[EventType "tourn"]
[EventRounds "11"]
[EventCountry "POL"]
[SourceTitle "EXT 2018"]
[Source "ChessBase"]
[SourceDate "2017.10.13"]
[SourceVersion "1"]
[SourceVersionDate "2017.10.13"]
[SourceQuality "1"]

1. c4 c6 2. d4 d5 3. e3 Nf6 4. Nc3 e6 5. Nf3 Nbd7 6. a3 Bd6 7. c5 Bc7 8. b4 e5 9. dxe5 Nxe5 10. Be2 0-0 11. Bb2 Bg4 12. Nxe5 Bxe2 13. Nxe2 1-0

[Event "POL-chT blind Gp B"]
[Site "Mielno"]
[Date "2013.12.12"]
[Round "9.6"]
[White "Suder, Ryszard"]
[Black "Kulpinski, Piotr"]
[Result "1-0"]
[WhiteElo "2129"]
[BlackElo "1952"]
[PlyCount "95"]
[EventDate "2013.12.06"]
[EventType "team-tourn"]
[EventRounds "10"]
[EventCountry "POL"]
[SourceTitle "EXT 2019"]
[Source "ChessBase"]
[SourceDate "2018.10.10"]
[SourceVersion "1"]
[SourceVersionDate "2018.10.10"]
[SourceQuality "1"]

1. Nf3 d5 2. d4 Nf6 3. g3 c6 4. Bg2 e6 5. 0-0 Bd6 6. c4 0-0 7. Qc2 Ne4 8. Nc3 f5 9. Ne5 Nd7 10. f4 Ndf6 11. Rb1 Bd7 12. c5 Bxe5 13. dxe5 Ne8 14. Be3 b5 15. Rbd1 Nxc3 16. Qxc3 Nc7 17. Qa5 Ne8 18. Bd2 Qc7 19. Rf3 Kf7 20. Ra3 Ke7 21. Bb4 Kd8 22. Kf2 Kc8 23. Ke3 Qxa5 24. Bxa5 Kb7 25. Kd4 Nc7 26. Bxc7 Kxc7 27. Ra5 Rg8 28. b4 Kb7 29. a4 a6 30. Ra1 Rgb8 31. axb5 axb5 32. Bf3 Rc8 33. Rxa8 Rxa8 34. Rxa8 Kxa8 35. g4 g6 36. gxf5 gxf5 37. Ke3 Kb8 38. Kf2 Kc8 39. Kg3 Kd8 40. Kh4 Ke7 41. Kg5 Kf7 42. Kh6 Kg8 43. Bh5 Bc8 44. Be8 Bb7 45. Bd7 Kf7 46. Kxh7 Ke7 47. Kg7 Kxd7 48. h4 1-0

[Event "POL-ch blind"]
[Site "Warsaw"]
[Date "2013.04.30"]
[Round "9"]
[White "Kulpinski, Piotr"]
[Black "Wojcieszyn, Zdzislaw"]
[Result "0-1"]
[WhiteElo "2004"]
[BlackElo "1995"]
[PlyCount "112"]
[EventDate "2013.04.22"]
[EventType "tourn"]
[EventRounds "11"]
[EventCountry "POL"]
[SourceTitle "EXT 2014"]
[Source "ChessBase"]
[SourceDate "2013.11.20"]
[SourceVersion "1"]
[SourceVersionDate "2013.11.20"]
[SourceQuality "1"]

1. d4 Nf6 2. c4 e5 3. d5 Bb4+ 4. Bd2 Qe7 5. a3 Bxd2+ 6. Nxd2 d6 7. e4 a5 8. Bd3 0-0 9. Ne2 Nbd7 10. 0-0 Nc5 11. Bc2 a4 12. Nc3 Bd7 13. b4 axb3 14. Nxb3 Nxb3 15. Bxb3 Ra5 16. a4 Rfa8 17. Qe2 Be8 18. Nb5 Bxb5 19. cxb5 Nd7 20. Bc2 Nc5 21. Qc4 b6 22. Ra3 Qe8 23. Rfa1 f6 24. Qe2 Qd7 25. Qh5 Qf7 26. Qg4 Qd7 27. Qh4 g5 28. Qh5 Qf7 29. Qg4 Qd7 30. Qg3 Kg7 31. Qe3 Qg4 32. f3 Qd7 33. Qf2 Kh8 34. Qg3 h6 35. Kf1 Kh7 36. Ke2 Nxa4 37. Rc1 Qxb5+ 38. Bd3 Qd7 39. Qh3 Qxh3 40. Rxc7+ Kg6 41. gxh3 Nc5 42. Rc3 b5 43. Rc6 b4 44. Rc1 Ra2+ 45. Ke3 R2a3 46. Rd1 Rc3 47. Rxd6 Raa3 48. Rc6 Rxd3+ 49. Rxd3 Rxd3+ 50. Ke2 Rc3 51. d6 Ne6 52. Rb6 Rc4 53. d7 Nf4+ 54. Kf2 Rd4 55. d8Q Rxd8 56. Rxb4 Nd3+ 0-1

[Event "POL-ch blind"]
[Site "Warsaw"]
[Date "2013.04.28"]
[Round "7"]
[White "Kulpinski, Piotr"]
[Black "Zoltek, Tadeusz"]
[Result "1/2-1/2"]
[WhiteElo "2004"]
[BlackElo "2183"]
[PlyCount "61"]
[EventDate "2013.04.22"]
[EventType "tourn"]
[EventRounds "11"]
[EventCountry "POL"]
[SourceTitle "EXT 2014"]
[Source "ChessBase"]
[SourceDate "2013.11.20"]
[SourceVersion "1"]
[SourceVersionDate "2013.11.20"]
[SourceQuality "1"]

1. d4 Nf6 2. Nf3 g6 3. c4 c5 4. Nc3 cxd4 5. Nxd4 Nc6 6. e4 Bg7 7. Be3 Ng4 8. Qxg4 Nxd4 9. Qd1 Ne6 10. Qd2 Qa5 11. Rc1 g5 12. b3 Qe5 13. Qd5 Nf4 14. Qxe5 Bxe5 15. Nb5 Bb8 16. Nd4 Rg8 17. g3 Ne6 18. Nxe6 dxe6 19. h4 g4 20. Bf4 e5 21. Be3 Bd7 22. Bd3 Bc6 23. 0-0 a6 24. Bb6 f6 25. Rfd1 Kf7 26. Bc2 Rc8 27. b4 Bc7 28. Be3 Rd8 29. a4 Bd7 30. b5 Ba5 31. Rd3 1/2-1/2

[Event "POL-ch blind"]
[Site "Warsaw"]
[Date "2013.04.27"]
[Round "6"]
[White "Suder, Ryszard"]
[Black "Kulpinski, Piotr"]
[Result "1-0"]
[WhiteElo "2133"]
[BlackElo "2004"]
[PlyCount "49"]
[EventDate "2013.04.22"]
[EventType "tourn"]
[EventRounds "11"]
[EventCountry "POL"]
[SourceTitle "EXT 2014"]
[Source "ChessBase"]
[SourceDate "2013.11.20"]
[SourceVersion "1"]
[SourceVersionDate "2013.11.20"]
[SourceQuality "1"]

1. Nf3 d5 2. d4 Nf6 3. c4 c6 4. Nc3 e6 5. Bg5 h6 6. Bxf6 Qxf6 7. Qc2 g6 8. cxd5 Bb4 9. dxc6 Nxc6 10. e3 0-0 11. Be2 Bd7 12. 0-0 Rac8 13. Rac1 g5 14. Qd3 g4 15. Nd2 e5 16. d5 Ne7 17. a3 Ba5 18. b4 Bd8 19. Nde4 Qg7 20. Nc5 Bf5 21. e4 Bh7 22. Qg3 b6 23. Nd7 f5 24. Nxf8 Kxf8 25. d6 1-0

[Event "POL-ch blind"]
[Site "Warsaw"]
[Date "2013.04.26"]
[Round "5"]
[White "Kulpinski, Piotr"]
[Black "Mackowiak, Marek"]
[Result "0-1"]
[WhiteElo "2004"]
[BlackElo "2176"]
[PlyCount "80"]
[EventDate "2013.04.22"]
[EventType "tourn"]
[EventRounds "11"]
[EventCountry "POL"]
[SourceTitle "EXT 2014"]
[Source "ChessBase"]
[SourceDate "2013.11.20"]
[SourceVersion "1"]
[SourceVersionDate "2013.11.20"]
[SourceQuality "1"]

1. d4 d5 2. c4 c6 3. cxd5 cxd5 4. Nc3 Nf6 5. Bf4 e6 6. e3 a6 7. Bd3 Qa5 8. Qa4+ Qxa4 9. Nxa4 Nbd7 10. Nf3 b5 11. Nc3 Bb7 12. Rc1 Rc8 13. 0-0 Nh5 14. Ne2 Nxf4 15. Rxc8+ Bxc8 16. Nxf4 Bd6 17. Ne2 Bb7 18. Nd2 Ke7 19. f4 f5 20. Rc1 Nb6 21. b3 Rc8 22. Rxc8 Bxc8 23. Kf2 Nd7 24. g4 Bb4 25. Nb1 Nf6 26. gxf5 exf5 27. Kf3 Ne4 28. Ng3 Be1 29. Nf1 Kf6 30. Ke2 Ba5 31. Nfd2 Bxd2 32. Bxe4 Bxe3 33. Kxe3 fxe4 34. Nc3 Be6 35. Kf2 b4 36. Nd1 Bd7 37. Ne3 Ke6 38. Nc2 a5 39. a3 a4 40. axb4 axb3 0-1

[Event "POL-ch blind"]
[Site "Warsaw"]
[Date "2013.04.25"]
[Round "4"]
[White "Sargalski, Andrzej"]
[Black "Kulpinski, Piotr"]
[Result "1-0"]
[WhiteElo "1907"]
[BlackElo "2004"]
[PlyCount "153"]
[EventDate "2013.04.22"]
[EventType "tourn"]
[EventRounds "11"]
[EventCountry "POL"]
[SourceTitle "EXT 2014"]
[Source "ChessBase"]
[SourceDate "2013.11.20"]
[SourceVersion "1"]
[SourceVersionDate "2013.11.20"]
[SourceQuality "1"]

1. e4 g6 2. d4 Bg7 3. Nc3 c5 4. Nf3 cxd4 5. Nxd4 Nc6 6. Be3 Nf6 7. Be2 0-0 8. 0-0 d5 9. exd5 Nxd5 10. Nxd5 Qxd5 11. Bf3 Qa5 12. Nxc6 bxc6 13. Qc1 Rb8 14. c3 c5 15. Rd1 Be6 16. h3 Qb5 17. Bd5 Bf5 18. a4 Qa5 19. g4 Bc8 20. Qc2 e6 21. Bc4 Qc7 22. Bf1 Bb7 23. Bg2 Rfc8 24. Rab1 Bxg2 25. Kxg2 Rb7 26. Qe4 Rb3 27. Bf4 Qb6 28. Rd6 Qb7 29. Qxb7 Rxb7 30. Rdd1 Kf8 31. b4 Bxc3 32. bxc5 Rxb1 33. Rxb1 e5 34. Bh6+ Ke8 35. Rb7 a5 36. Rb5 Kd7 37. Be3 Kc7 38. g5 Rb8 39. Rxb8 Kxb8 40. Kf3 Kc7 41. Ke4 Kc6 42. Kd3 Be1 43. Kc4 Bb4 44. f3 Be1 45. Bc1 Bf2 46. Bd2 Bxc5 47. Bxa5 Be3 48. Bd8 h6 49. gxh6 Bxh6 50. a5 Be3 51. Bf6 Kd6 52. Kd3 Bc1 53. Bxe5+ Kc6 54. Bf6 Ba3 55. Ke4 Bb4 56. Bd8 Bc3 57. f4 f5+ 58. Kd3 Bb4 59. Kd4 Bd6 60. Bg5 Bc7 61. a6 Kd6 62. Bf6 Kc6 63. Be5 Bb6+ 64. Kc4 Be3 65. Bb8 g5 66. fxg5 Bxg5 67. Kd4 Bh4 68. Ke3 Bg5+ 69. Kf3 Kb6 70. a7 Kb7 71. Bf4 Be7 72. Be3 Bd6 73. h4 Be5 74. h5 Ka8 75. h6 Kb7 76. Bc5 Ka8 77. Bf8 1-0

[Event "POL-ch blind"]
[Site "Warsaw"]
[Date "2013.04.24"]
[Round "3"]
[White "Kulpinski, Piotr"]
[Black "Dukaczewski, Piotr"]
[Result "0-1"]
[WhiteElo "2004"]
[BlackElo "2251"]
[PlyCount "56"]
[EventDate "2013.04.22"]
[EventType "tourn"]
[EventRounds "11"]
[EventCountry "POL"]
[SourceTitle "EXT 2014"]
[Source "ChessBase"]
[SourceDate "2013.11.20"]
[SourceVersion "1"]
[SourceVersionDate "2013.11.20"]
[SourceQuality "1"]

1. d4 d5 2. Nf3 e6 3. c4 c6 4. e3 Nf6 5. Nc3 Be7 6. Bd3 dxc4 7. Bxc4 b5 8. Bd3 a6 9. e4 Bb7 10. e5 Nd5 11. Ne4 Nd7 12. Nfg5 h6 13. Qh5 g6 14. Qh3 Qb6 15. Be3 Nxe3 16. fxe3 c5 17. Nf3 cxd4 18. exd4 0-0-0 19. 0-0-0 Kb8 20. Kb1 Qa5 21. Nfd2 Qb4 22. Rhf1 Qxd4 23. Rxf7 Nxe5 24. Rxe7 Nxd3 25. Nc3 Nf2 26. Qg3+ e5 27. Nb3 Be4+ 28. Kc1 Qxd1+ 0-1

[Event "POL-ch blind"]
[Site "Warsaw"]
[Date "2013.04.23"]
[Round "2"]
[White "Falkowski, Dawid"]
[Black "Kulpinski, Piotr"]
[Result "1-0"]
[WhiteElo "1993"]
[BlackElo "2004"]
[PlyCount "65"]
[EventDate "2013.04.22"]
[EventType "tourn"]
[EventRounds "11"]
[EventCountry "POL"]
[SourceTitle "EXT 2014"]
[Source "ChessBase"]
[SourceDate "2013.11.20"]
[SourceVersion "1"]
[SourceVersionDate "2013.11.20"]
[SourceQuality "1"]

1. e4 c6 2. d4 d5 3. Nd2 dxe4 4. Nxe4 Bf5 5. Ng3 Bg6 6. h4 h6 7. Nh3 e6 8. Nf4 Bh7 9. Bc4 Nf6 10. Qe2 Nd5 11. Ngh5 Nxf4 12. Bxf4 Nd7 13. 0-0-0 Qe7 14. Rh3 0-0-0 15. Ra3 Nb6 16. Rxa7 Nxc4 17. Qxc4 Bg6 18. Ng3 Qb4 19. Qe2 Bd6 20. Bxd6 Qxd6 21. Ra8+ Kc7 22. Rxd8 Rxd8 23. Qe5 f6 24. Qa5+ Kb8 25. Rd2 Qc7 26. Qa3 Qd6 27. Qe3 Qd5 28. Ne2 Qxa2 29. Nc3 Qa1+ 30. Nb1 Qa2 31. Qg3+ Ka7 32. Qxg6 Rd5 33. Rd3 1-0

[Event "POL-ch blind"]
[Site "Warsaw"]
[Date "2013.04.22"]
[Round "1"]
[White "Kulpinski, Piotr"]
[Black "Pawelec, Bartosz"]
[Result "0-1"]
[WhiteElo "2004"]
[BlackElo "2023"]
[PlyCount "46"]
[EventDate "2013.04.22"]
[EventType "tourn"]
[EventRounds "11"]
[EventCountry "POL"]
[SourceTitle "EXT 2014"]
[Source "ChessBase"]
[SourceDate "2013.11.20"]
[SourceVersion "1"]
[SourceVersionDate "2013.11.20"]
[SourceQuality "1"]

1. d4 Nf6 2. c4 e6 3. Nf3 b6 4. g3 Bb7 5. Bg2 Be7 6. 0-0 0-0 7. Nc3 d5 8. Ne5 Nbd7 9. Qc2 c5 10. cxd5 Nxd5 11. Nxd7 Qxd7 12. Nxd5 Bxd5 13. e4 Bb7 14. d5 exd5 15. exd5 Rad8 16. Bf4 Bxd5 17. Rad1 Qb7 18. Rxd5 Rxd5 19. Re1 Rfd8 20. Bxd5 Rxd5 21. Qe4 Bf8 22. Bd6 Bxd6 23. Kg2 Bf8 0-1

[Event "Berlin Lichtenrade op 08th"]
[Site "Berlin"]
[Date "2012.10.05"]
[Round "7"]
[White "Dimitrijeski, Kristian"]
[Black "Kulpinski, Piotr"]
[Result "1-0"]
[WhiteElo "2150"]
[BlackElo "2010"]
[PlyCount "81"]
[EventDate "2012.09.29"]
[EventType "swiss"]
[EventRounds "9"]
[EventCountry "GER"]
[SourceTitle "CBM 150 Extra"]
[Source "ChessBase"]
[SourceDate "2012.10.19"]
[SourceVersion "1"]
[SourceVersionDate "2012.10.19"]
[SourceQuality "1"]

1. d4 d5 2. c4 c6 3. Nf3 Nf6 4. Nc3 e6 5. Bg5 h6 6. Bxf6 Qxf6 7. e3 g6 8. Qc2 Bg7 9. cxd5 exd5 10. Nxd5 Qd8 11. Nc3 Be6 12. Bd3 0-0 13. 0-0 Nd7 14. h3 Nb6 15. a3 Rc8 16. Ne4 Rc7 17. Rac1 f5 18. Nc5 Bd5 19. Qe2 Re7 20. Bc2 Kh8 21. Bb3 g5 22. Bxd5 Nxd5 23. Ne5 Bxe5 24. dxe5 Rxe5 25. Nxb7 Qb6 26. Nd6 Qc7 27. Nb5 Qb6 28. Nd6 Qc7 29. Nc4 Re6 30. Qd3 g4 31. hxg4 fxg4 32. Qd4+ Kh7 33. Qxg4 Rg6 34. Qe4 Nf6 35. Qe5 Qc8 36. Qh2 Rfg8 37. g3 Rg5 38. Nd2 Nh5 39. Ne4 Nxg3 40. Nxg5+ Rxg5 41. fxg3 1-0

[Event "Berlin Lichtenrade op 08th"]
[Site "Berlin"]
[Date "2012.10.01"]
[Round "3"]
[White "Meister, Jakob"]
[Black "Kulpinski, Piotr"]
[Result "1-0"]
[WhiteElo "2484"]
[BlackElo "2010"]
[PlyCount "65"]
[EventDate "2012.09.29"]
[EventType "swiss"]
[EventRounds "9"]
[EventCountry "GER"]
[SourceTitle "CBM 150 Extra"]
[Source "ChessBase"]
[SourceDate "2012.10.19"]
[SourceVersion "1"]
[SourceVersionDate "2012.10.19"]
[SourceQuality "1"]

1. d4 d5 2. Bg5 c6 3. Nd2 Bf5 4. e3 Nd7 5. Ngf3 Ngf6 6. Be2 e6 7. c4 Be7 8. Nh4 Bg6 9. Nxg6 hxg6 10. Qc2 Qa5 11. Bxf6 gxf6 12. a3 f5 13. 0-0-0 0-0 14. Kb1 e5 15. h4 e4 16. f4 b5 17. c5 Kg7 18. h5 Rh8 19. hxg6 Rxh1 20. Rxh1 fxg6 21. g4 Rh8 22. Rxh8 Kxh8 23. gxf5 gxf5 24. Qd1 Qd8 25. Qh1+ Bh4 26. Qh3 Qf6 27. Nb3 Kg7 28. Na5 Be1 29. Nb7 Bd2 30. Kc2 Be1 31. Nd6 Kf8 32. Nxf5 Ke8 33. Bg4 1-0

[Event "Warsaw Cross-ch"]
[Site "Warsaw"]
[Date "2012.04.25"]
[Round "6"]
[White "Zoltek, Tadeusz"]
[Black "Kulpinski, Piotr"]
[Result "1/2-1/2"]
[WhiteElo "2180"]
[BlackElo "1965"]
[PlyCount "95"]
[EventDate "2012.04.20"]
[EventType "tourn"]
[EventRounds "11"]
[EventCountry "POL"]
[SourceTitle "EXT 2014"]
[Source "ChessBase"]
[SourceDate "2013.11.20"]
[SourceVersion "1"]
[SourceVersionDate "2013.11.20"]
[SourceQuality "1"]

1. c4 c6 2. Nf3 d5 3. b3 Nf6 4. Bb2 Bf5 5. e3 e6 6. Be2 Bd6 7. 0-0 0-0 8. Nh4 Bxb1 9. Rxb1 Ne4 10. g3 f5 11. d3 Ng5 12. f4 Nf7 13. cxd5 cxd5 14. Qd2 Nc6 15. Nf3 Bb4 16. Qd1 Qb6 17. Nd4 Rfe8 18. Nc2 Bc5 19. d4 Be7 20. Ba3 Rac8 21. Qd2 Bxa3 22. Nxa3 Nd6 23. Bd3 Rc7 24. Rbc1 Rec8 25. Rc5 Nb4 26. Rxc7 Rxc7 27. Nb5 Nxb5 28. Qxb4 Nc3 29. Qa3 Ne4 30. Bxe4 dxe4 31. Rc1 a6 32. Rxc7 Qxc7 33. Qb2 Kf7 34. Kf2 b5 35. Qd2 Qc6 36. Ke1 Ke7 37. Kd1 Kd7 38. Qb4 Qd6 39. Qa5 Kc8 40. Kd2 Kb7 41. Qc3 Qa3 42. Qc2 Qb4+ 43. Ke2 Qa3 44. g4 g6 45. gxf5 gxf5 46. Kf1 Qd6 47. Kg2 Qf8 48. Kf1 1/2-1/2

[Event "Warsaw Cross-ch"]
[Site "Warsaw"]
[Date "2012.04.23"]
[Round "4"]
[White "Hagner, Pawel"]
[Black "Kulpinski, Piotr"]
[Result "1-0"]
[WhiteElo "1777"]
[BlackElo "1965"]
[PlyCount "103"]
[EventDate "2012.04.20"]
[EventType "tourn"]
[EventRounds "11"]
[EventCountry "POL"]
[SourceTitle "EXT 2014"]
[Source "ChessBase"]
[SourceDate "2013.11.20"]
[SourceVersion "1"]
[SourceVersionDate "2013.11.20"]
[SourceQuality "1"]

1. d4 d5 2. Nf3 Nf6 3. Bg5 Nbd7 4. e3 c5 5. c3 Ne4 6. Bh4 Qb6 7. Qb3 e6 8. Nbd2 Nxd2 9. Nxd2 Bd6 10. Nf3 0-0 11. Qc2 Re8 12. Bg3 cxd4 13. exd4 e5 14. dxe5 Nxe5 15. 0-0-0 Nxf3 16. gxf3 Be6 17. Rd4 Be7 18. Be5 Rac8 19. Rg1 g6 20. Bd3 Bc5 21. Bxg6 Bxd4 22. Bxf7+ Kf8 23. Rg8+ Ke7 24. Rxe8+ Kxf7 25. Bxd4 Qxd4 26. Rxe6 Qf4+ 27. Re3 Kg8 28. Qb3 Qf7 29. Kd2 Kh8 30. Qb4 Rc4 31. Qd6 Rc8 32. Re7 Qf5 33. Qe5+ Qxe5 34. Rxe5 Rd8 35. Kd3 Rd7 36. Kd4 Rf7 37. Re3 Kg7 38. Kxd5 Rd7+ 39. Kc4 b5+ 40. Kxb5 Rb7+ 41. Kc4 Rxb2 42. Re7+ Kg6 43. Rxa7 Rxf2 44. a4 Rxf3 45. a5 Rh3 46. a6 Rxh2 47. Rb7 Ra2 48. Kb5 h5 49. a7 Rb2+ 50. Kc6 Ra2 51. Kc7 h4 52. Kb8 1-0

[Event "Warsaw Cross-ch"]
[Site "Warsaw"]
[Date "2012.04.21"]
[Round "2"]
[White "Falkowski, Dawid"]
[Black "Kulpinski, Piotr"]
[Result "0-1"]
[WhiteElo "2005"]
[BlackElo "1965"]
[PlyCount "124"]
[EventDate "2012.04.20"]
[EventType "tourn"]
[EventRounds "11"]
[EventCountry "POL"]
[SourceTitle "EXT 2014"]
[Source "ChessBase"]
[SourceDate "2013.11.20"]
[SourceVersion "1"]
[SourceVersionDate "2013.11.20"]
[SourceQuality "1"]

1. e4 c6 2. d4 d5 3. Nc3 dxe4 4. Nxe4 Bf5 5. Ng3 Bg6 6. h4 h6 7. Nf3 Nd7 8. h5 Bh7 9. Bd3 Bxd3 10. Qxd3 e6 11. Bd2 Ngf6 12. 0-0-0 Be7 13. Ne4 Nxe4 14. Qxe4 Nf6 15. Qe2 Qd5 16. c4 Qe4 17. Rde1 Qxe2 18. Rxe2 0-0 19. Ne5 Rfd8 20. Bc3 c5 21. dxc5 Bxc5 22. Rh4 Nd7 23. Rg4 Nf6 24. Rf4 Rac8 25. Kc2 Rc7 26. g4 Nh7 27. b4 Bf8 28. Rd2 Rxd2+ 29. Kxd2 Ng5 30. Ke3 f6 31. Ng6 Nf7 32. c5 e5 33. Rc4 b5 34. Re4 Ng5 35. Nh4 Nxe4 36. Kxe4 Rd7 37. Nf5 Rd1 38. Ne3 Rd8 39. Nd5 Rc8 40. f3 Kf7 41. Bd2 Bxc5 42. bxc5 Rxc5 43. Be3 Rc2 44. Bxa7 Rxa2 45. Bc5 Rc2 46. Be3 Ke6 47. Kd3 Rc8 48. Nb4 f5 49. gxf5+ Kxf5 50. Bd2 Rc4 51. Nc2 Rh4 52. Ke2 Rxh5 53. Na3 Rh2+ 54. Ke3 Rxd2 55. Kxd2 b4 56. Nc4 h5 57. Ke3 h4 58. Kf2 b3 59. Kg2 g5 60. Kh3 Kf4 61. Kh2 Kxf3 62. Nxe5+ Ke4 0-1

[Event "POL-ch sf blind"]
[Site "Zawoja Osrodek"]
[Date "2011.??.??"]
[Round "7"]
[White "Lipski, Tadeusz"]
[Black "Kulpinski, Piotr"]
[Result "1-0"]
[WhiteElo "2046"]
[BlackElo "2046"]
[PlyCount "57"]
[EventDate "2011.??.??"]
[EventType "swiss"]
[EventRounds "9"]
[EventCountry "POL"]
[SourceTitle "EXT 2013"]
[Source "ChessBase"]
[SourceDate "2012.11.22"]
[SourceVersion "1"]
[SourceVersionDate "2012.11.22"]
[SourceQuality "1"]

1. d4 d5 2. Nc3 Nf6 3. Bg5 Nbd7 4. Nf3 g6 5. e3 Bg7 6. Bd3 0-0 7. 0-0 c5 8. Ne5 Nxe5 9. dxe5 Ne8 10. Bc4 Nc7 11. Bxd5 Bxe5 12. Bf3 f6 13. Bh6 Re8 14. Qe2 e6 15. Qc4 Qe7 16. a4 Rb8 17. Rab1 b6 18. Nb5 Na8 19. Bc6 Rd8 20. f4 Bd6 21. Rbd1 a6 22. Nxd6 Rxd6 23. Bf3 Nc7 24. Rxd6 Qxd6 25. Rd1 Qe7 26. Qd3 Kf7 27. Qd8 Ne8 28. Bc6 b5 29. Bxe8+ 1-0

[Event "POL-ch blind"]
[Site "Jastrzebia Gora"]
[Date "2010.06.16"]
[Round "9.1"]
[White "Suder, Ryszard"]
[Black "Kulpinski, Piotr"]
[Result "1/2-1/2"]
[WhiteElo "2194"]
[BlackElo "2048"]
[PlyCount "138"]
[EventDate "2010.06.08"]
[EventType "tourn"]
[EventRounds "11"]
[EventCountry "POL"]
[SourceTitle "EXT 2023"]
[Source "ChessBase"]
[SourceDate "2022.10.05"]
[SourceVersion "1"]
[SourceVersionDate "2022.10.05"]
[SourceQuality "1"]

1. Nf3 d5 2. g3 Nf6 3. Bg2 c6 4. 0-0 Bf5 5. b3 Nbd7 6. Bb2 Qc7 7. d3 e5 8. Nbd2 Be7 9. Qe1 h5 10. e4 dxe4 11. dxe4 Bg6 12. Nc4 Bxe4 13. Nfxe5 Bxg2 14. Kxg2 0-0 15. Nxd7 Qxd7 16. Rd1 Nd5 17. Ne5 Qf5 18. c4 Bb4 19. Qe2 Nc3 20. Bxc3 Bxc3 21. Nf3 Rfe8 22. Qd3 Qxd3 23. Rxd3 Bf6 24. Rd7 Rab8 25. Rfd1 Rbd8 26. R1d3 Kf8 27. Ne5 Rxd7 28. Nxd7+ Ke7 29. Nc5 b6 30. Rd7+ Kf8 31. Nd3 Rd8 32. Rxd8+ Bxd8 33. Ne5 b5 34. Nxc6 bxc4 35. bxc4 Bb6 36. f4 f5 37. Ne5 Ke7 38. h3 Ke6 39. Kf3 g5 40. Nd3 g4+ 41. hxg4 hxg4+ 42. Ke2 Bd4 43. Nb4 Kd6 44. Nd5 a6 45. Ne3 Ke6 46. Kd3 Bb6 47. Nf1 Bf2 48. Ke2 Bb6 49. Nd2 Kd6 50. Nb3 Ke6 51. Nc1 Kd6 52. Kd3 Bf2 53. Ne2 Kc5 54. Kc3 a5 55. a3 a4 56. Kd3 Be1 57. Nc3 Bxg3 58. Nxa4+ Kc6 59. Ke3 Be1 60. Nb2 Ba5 61. Nd3 Bb6+ 62. Ke2 Bc7 63. Kf2 Bd6 64. a4 Kb6 65. Kg3 Ka5 66. Nb2 Bc7 67. c5 Kb4 68. Nd1 Kxc5 69. Ne3 Bxf4+ 1/2-1/2

[Event "POL-ch blind"]
[Site "Jastrzebia Gora"]
[Date "2010.06.15"]
[Round "8.1"]
[White "Kulpinski, Piotr"]
[Black "Stachanczyk, Jacek"]
[Result "0-1"]
[WhiteElo "2048"]
[BlackElo "2238"]
[PlyCount "92"]
[EventDate "2010.06.08"]
[EventType "tourn"]
[EventRounds "11"]
[EventCountry "POL"]
[SourceTitle "EXT 2023"]
[Source "ChessBase"]
[SourceDate "2022.10.05"]
[SourceVersion "1"]
[SourceVersionDate "2022.10.05"]
[SourceQuality "1"]

1. d4 d5 2. c4 c6 3. Nf3 Nf6 4. e3 Bg4 5. Nc3 e6 6. Bd3 Nbd7 7. 0-0 Bd6 8. cxd5 exd5 9. e4 dxe4 10. Re1 0-0 11. Nxe4 Nxe4 12. Bxe4 Bb4 13. Bd2 Bxd2 14. Qxd2 f5 15. Bc2 Bxf3 16. gxf3 Qh4 17. d5 Rf6 18. dxc6 Rg6+ 19. Kh1 Qh3 20. Qd5+ Kh8 21. Rg1 bxc6 22. Qxf5 Qxf5 23. Bxf5 Rxg1+ 24. Kxg1 Ne5 25. Be4 Rd8 26. Rc1 g5 27. Rc5 Nd3 28. Rxc6 Nf4 29. h4 Rd2 30. Rc2 Rxc2 31. Bxc2 gxh4 32. Bf5 Kg7 33. b4 h5 34. a4 Kf6 35. Bc8 Ke5 36. a5 Kd6 37. b5 Kc7 38. Bf5 Kb8 39. Kh2 Kc7 40. Be4 Kb8 41. Bc6 Kc7 42. Be8 Kd6 43. Kg1 Kc7 44. Kh1 Kd8 45. Kh2 Kxe8 46. b6 axb6 0-1